[Event "ODJM B 2025"]
[Site "Willingen GER"]
[Date "2025.06.09"]
[Round "3"]
[White "Lau, Lars"]
[Black "Weidenhöfer, Ben"]
[Result "1-0"]
[Termination "normal"]
[Board "53"]
[WhiteElo "1569"]
[BlackElo "1620"]
[WhiteClock "01:19:37"]
[BlackClock "00:56:37"]
[PlyCount "69"]
[WhiteFideId "34623663"]
[BlackFideId "16273702"]
[EventCountry "GER"]
[EventRounds "9"]
[EventType "swiss"]
[EventDate "2025.06.07"]

1. d4 {[%clk 01:30:58]} {[%emt 00:00:02]} d5 {[%clk 01:30:48]} {[%emt
00:00:13]} 2. c4 {[%clk 01:31:23]} {[%emt 00:00:05]} c6 {[%clk 01:31:11]}
{[%emt 00:00:07]} 3. e3 {[%clk 01:31:48]} {[%emt 00:00:05]} e6 {[%clk
01:31:02]} {[%emt 00:00:39]} 4. Nc3 {[%clk 01:32:11]} {[%emt 00:00:07]} Bd6
{[%clk 01:30:56]} {[%emt 00:00:36]} 5. Nf3 {[%clk 01:32:10]} {[%emt 00:00:31]}
f5 {[%clk 01:30:24]} {[%emt 00:01:01]} 6. c5 {[%clk 01:31:24]} {[%emt
00:01:17]} Bc7 {[%clk 01:29:51]} {[%emt 00:01:02]} 7. Be2 {[%clk 01:31:40]}
{[%emt 00:00:14]} Nf6 {[%clk 01:30:04]} {[%emt 00:00:18]} 8. O-O {[%clk
01:31:09]} {[%emt 00:01:01]} O-O {[%clk 01:30:11]} {[%emt 00:00:22]} 9. b4
{[%clk 01:31:11]} {[%emt 00:00:29]} a6 {[%clk 01:29:57]} {[%emt 00:00:45]} 10.
Bd2 {[%clk 01:30:53]} {[%emt 00:00:47]} Bd7 {[%clk 01:29:47]} {[%emt 00:00:40]}
11. a4 {[%clk 01:31:13]} {[%emt 00:00:10]} Qe8 {[%clk 01:29:05]} {[%emt
00:01:12]} 12. Qb3 {[%emt 00:00:19]} Ne4 {[%clk 01:29:15]} {[%emt 00:00:17]}
13. Nxe4 {[%clk 01:28:47]} {[%emt 00:03:09]} fxe4 {[%clk 01:29:06]} {[%emt
00:00:39]} 14. Ne5 {[%clk 01:29:13]} {[%emt 00:00:05]} Bxe5 {[%clk 01:28:36]}
{[%emt 00:01:00]} 15. dxe5 {[%clk 01:29:35]} {[%emt 00:00:08]} Rf5 {[%clk
01:27:22]} {[%emt 00:01:44]} 16. Bc3 {[%clk 01:29:58]} {[%emt 00:00:07]} Qc8
{[%clk 01:21:15]} {[%emt 00:06:37]} 17. Bd4 {[%clk 01:29:31]} {[%emt 00:00:58]}
Be8 {[%clk 01:21:08]} {[%emt 00:00:37]} 18. b5 {[%clk 01:29:12]} {[%emt
00:00:49]} Bh5 {[%clk 01:17:17]} {[%emt 00:04:21]} 19. Bxh5 {[%clk 01:26:44]}
{[%emt 00:02:59]} Rxh5 {[%clk 01:14:16]} {[%emt 00:03:30]} 20. bxa6 {[%clk
01:27:08]} {[%emt 00:00:06]} bxa6 {[%clk 01:13:10]} {[%emt 00:01:36]} 21. Rab1
{[%clk 01:27:11]} {[%emt 00:00:27]} Nd7 {[%clk 01:12:00]} {[%emt 00:01:40]} 22.
Qb7 {[%clk 01:27:30]} {[%emt 00:00:11]} Rf5 {[%clk 01:09:48]} {[%emt 00:02:42]}
23. Qxc8+ {[%clk 01:27:37]} {[%emt 00:00:23]} Rxc8 {[%clk 01:10:10]} {[%emt
00:00:08]} 24. Rb7 {[%clk 01:28:00]} {[%emt 00:00:07]} Rf7 {[%clk 01:09:50]}
{[%emt 00:00:50]} 25. Rfb1 {[%clk 01:27:45]} {[%emt 00:00:45]} h6 {[%clk
01:07:25]} {[%emt 00:02:55]} 26. a5 {[%clk 01:26:03]} {[%emt 00:02:12]} g5
{[%clk 01:05:14]} {[%emt 00:02:40]} 27. g3 {[%clk 01:23:54]} {[%emt 00:02:39]}
h5 {[%clk 01:05:21]} {[%emt 00:00:24]} 28. Ra7 {[%clk 01:23:31]} {[%emt
00:00:52]} Nb8 {[%clk 01:05:30]} {[%emt 00:00:21]} 29. Ra8 {[%clk 01:23:48]}
{[%emt 00:00:14]} Rff8 {[%clk 01:05:48]} {[%emt 00:00:12]} 30. Rb7 {[%clk
01:24:05]} {[%emt 00:00:13]} Rfe8 {[%clk 01:04:54]} {[%emt 00:01:24]} 31. Raa7
{[%clk 01:23:54]} {[%emt 00:00:41]} Red8 {[%clk 00:58:47]} {[%emt 00:06:35]}
32. h3 {[%clk 01:22:19]} {[%emt 00:02:06]} g4 {[%clk 00:58:03]} {[%emt
00:01:15]} 33. h4 {[%clk 01:21:06]} {[%emt 00:01:42]} Kf8 {[%clk 00:56:41]}
{[%emt 00:01:51]} 34. Rg7 {[%clk 01:19:43]} {[%emt 00:01:54]} Ke8 {[%clk
00:56:37]} {[%emt 00:00:35]} 35. Rg8# {[%clk 01:19:37]} 1-0

[Event "ODJM B 2025"]
[Site "Willingen GER"]
[Date "2025.06.09"]
[Round "3"]
[White "Fabritius, Wolf"]
[Black "Mlynarski, Milosz"]
[Result "1/2-1/2"]
[Termination "normal"]
[Board "54"]
[WhiteElo "1551"]
[BlackElo "1647"]
[WhiteClock "00:35:55"]
[BlackClock "00:17:57"]
[PlyCount "107"]
[WhiteFideId "34632603"]
[BlackFideId "34636854"]
[EventCountry "GER"]
[EventRounds "9"]
[EventType "swiss"]
[EventDate "2025.06.07"]

1. d4 {[%clk 01:30:58]} {[%emt 00:00:01]} d5 {[%clk 01:30:51]} {[%emt
00:00:10]} 2. Nf3 {[%clk 01:31:23]} {[%emt 00:00:05]} e6 {[%clk 01:31:00]}
{[%emt 00:00:21]} 3. c4 {[%clk 01:31:47]} {[%emt 00:00:06]} Nf6 {[%clk
01:31:20]} {[%emt 00:00:10]} 4. Nc3 {[%clk 01:31:58]} {[%emt 00:00:19]} c5
{[%clk 01:31:12]} {[%emt 00:00:38]} 5. dxc5 {[%clk 01:30:38]} {[%emt 00:01:50]}
Bxc5 {[%clk 01:30:05]} {[%emt 00:01:37]} 6. cxd5 {[%clk 01:30:55]} {[%emt
00:00:12]} exd5 {[%clk 01:30:32]} {[%emt 00:00:04]} 7. Bg5 {[%clk 01:30:38]}
{[%emt 00:00:46]} d4 {[%clk 01:29:01]} {[%emt 00:02:02]} 8. Bxf6 {[%clk
01:29:51]} {[%emt 00:01:17]} Qxf6 {[%clk 01:28:00]} {[%emt 00:01:31]} 9. Ne4
{[%clk 01:28:35]} {[%emt 00:01:46]} Bb4+ {[%clk 01:28:02]} {[%emt 00:00:28]}
10. Ned2 {[%clk 01:28:08]} {[%emt 00:00:57]} O-O {[%clk 01:27:22]} {[%emt
00:01:10]} 11. a3 {[%clk 01:26:58]} {[%emt 00:01:40]} Ba5 {[%clk 01:27:00]}
{[%emt 00:00:51]} 12. b4 {[%clk 01:26:43]} {[%emt 00:00:45]} Bb6 {[%clk
01:27:23]} {[%emt 00:00:07]} 13. Nc4 {[%clk 01:25:32]} {[%emt 00:01:41]} d3
{[%clk 01:12:14]} {[%emt 00:15:39]} 14. Nxb6 {[%clk 01:22:27]} {[%emt
00:03:35]} Qc3+ {[%clk 01:11:27]} {[%emt 00:01:18]} 15. Nd2 {[%clk 01:22:50]}
{[%emt 00:00:07]} axb6 {[%clk 01:11:44]} {[%emt 00:00:13]} 16. Qc1 {[%clk
01:19:53]} {[%emt 00:03:27]} Qxc1+ {[%clk 01:10:23]} {[%emt 00:01:51]} 17. Rxc1
{[%clk 01:20:19]} {[%emt 00:00:04]} dxe2 {[%clk 01:10:33]} {[%emt 00:00:19]}
18. Bxe2 {[%clk 01:20:29]} {[%emt 00:00:20]} Rxa3 {[%clk 01:10:56]} {[%emt
00:00:08]} 19. Nc4 {[%clk 01:16:47]} {[%emt 00:04:12]} Ra2 {[%clk 01:05:59]}
{[%emt 00:05:27]} 20. Ne3 {[%clk 01:10:15]} {[%emt 00:07:02]} Nc6 {[%clk
00:58:17]} {[%emt 00:08:12]} 21. Bc4 {[%clk 01:07:53]} {[%emt 00:02:51]} Rb2
{[%clk 00:56:58]} {[%emt 00:01:49]} 22. O-O {[%clk 01:01:03]} {[%emt 00:07:20]}
Rd8 {[%clk 00:50:02]} {[%emt 00:07:25]} 23. b5 {[%clk 00:56:15]} {[%emt
00:05:19]} Ne5 {[%clk 00:42:32]} {[%emt 00:08:00]} 24. f4 {[%clk 00:55:35]}
{[%emt 00:01:10]} Nxc4 {[%clk 00:36:11]} {[%emt 00:06:51]} 25. Nxc4 {[%clk
00:53:11]} {[%emt 00:02:54]} Rxb5 {[%clk 00:35:44]} {[%emt 00:00:57]} 26. Rfd1
{[%clk 00:53:10]} {[%emt 00:00:31]} Rf8 {[%clk 00:31:37]} {[%emt 00:04:36]} 27.
Rb1 {[%clk 00:50:08]} {[%emt 00:03:34]} Rxb1 {[%clk 00:30:31]} {[%emt
00:01:36]} 28. Rxb1 {[%clk 00:50:34]} {[%emt 00:00:04]} Bd7 {[%clk 00:30:23]}
{[%emt 00:00:37]} 29. Rxb6 {[%clk 00:49:20]} {[%emt 00:01:44]} Bc6 {[%clk
00:30:37]} {[%emt 00:00:15]} 30. Na5 {[%clk 00:47:34]} {[%emt 00:02:17]} Be4
{[%clk 00:30:41]} {[%emt 00:00:25]} 31. Rb4 {[%clk 00:46:16]} {[%emt 00:01:50]}
Bd5 {[%clk 00:30:51]} {[%emt 00:00:18]} 32. Rb5 {[%clk 00:46:36]} {[%emt
00:00:11]} Be4 {[%clk 00:30:41]} {[%emt 00:00:40]} 33. Nxb7 {[%clk 00:44:56]}
{[%emt 00:02:10]} Rb8 {[%clk 00:30:28]} {[%emt 00:00:43]} 34. Nd6 {[%clk
00:45:17]} {[%emt 00:00:08]} Rxb5 {[%clk 00:30:51]} {[%emt 00:00:09]} 35. Nxb5
{[%clk 00:45:41]} {[%emt 00:00:06]} g6 {[%clk 00:30:29]} {[%emt 00:00:51]} 36.
Kf2 {[%clk 00:45:57]} {[%emt 00:00:14]} Kg7 {[%clk 00:30:43]} {[%emt 00:00:16]}
37. g4 {[%clk 00:45:31]} {[%emt 00:00:56]} Bc6 {[%clk 00:29:50]} {[%emt
00:01:23]} 38. Nd4 {[%clk 00:45:47]} {[%emt 00:00:13]} Bd7 {[%clk 00:30:06]}
{[%emt 00:00:15]} 39. Kg3 {[%clk 00:44:42]} {[%emt 00:01:35]} Ba4 {[%clk
00:24:33]} {[%emt 00:06:03]} 40. f5 {[%clk 00:41:29]} {[%emt 00:03:43]} Bd1
{[%clk 00:23:03]} {[%emt 00:02:01]} 41. Kf4 {[%clk 00:40:18]} {[%emt 00:01:40]}
h5 {[%clk 00:20:10]} {[%emt 00:03:23]} 42. g5 {[%clk 00:32:53]} {[%emt
00:07:54]} f6 {[%clk 00:15:31]} {[%emt 00:05:10]} 43. h4 {[%clk 00:32:07]}
{[%emt 00:01:16]} fxg5+ {[%clk 00:14:31]} {[%emt 00:01:30]} 44. Kxg5 {[%clk
00:32:20]} {[%emt 00:00:16]} gxf5 {[%clk 00:14:53]} {[%emt 00:00:09]} 45. Nxf5+
{[%clk 00:32:38]} {[%emt 00:00:12]} Kh7 {[%clk 00:15:06]} {[%emt 00:00:16]} 46.
Ng3 {[%clk 00:32:44]} {[%emt 00:00:23]} Kg7 {[%clk 00:15:27]} {[%emt 00:00:11]}
47. Nxh5+ {[%clk 00:33:07]} {[%emt 00:00:07]} Bxh5 {[%clk 00:15:50]} {[%emt
00:00:06]} 48. Kxh5 {[%clk 00:33:34]} {[%emt 00:00:03]} Kh7 {[%clk 00:16:14]}
{[%emt 00:00:06]} 49. Kg5 {[%clk 00:33:56]} {[%emt 00:00:08]} Kg7 {[%clk
00:16:37]} {[%emt 00:00:07]} 50. h5 {[%clk 00:34:24]} {[%emt 00:00:02]} Kh7
{[%clk 00:17:01]} {[%emt 00:00:07]} 51. h6 {[%clk 00:34:45]} {[%emt 00:00:08]}
Kh8 {[%clk 00:17:24]} {[%emt 00:00:07]} 52. Kg6 {[%clk 00:35:05]} {[%emt
00:00:11]} Kg8 {[%clk 00:17:44]} {[%emt 00:00:09]} 53. h7+ {[%clk 00:35:31]}
{[%emt 00:00:04]} Kh8 {[%clk 00:17:57]} {[%emt 00:00:17]} 54. Kh6 {[%clk
00:35:55]} {[%emt 00:00:06]} 1/2-1/2

[Event "ODJM B 2025"]
[Site "Willingen GER"]
[Date "2025.06.09"]
[Round "3"]
[White "Rabus, Johann"]
[Black "Hladeniuk, Yelyzaveta"]
[Result "0-1"]
[Termination "normal"]
[Board "55"]
[WhiteElo "1579"]
[BlackElo "1642"]
[WhiteClock "00:55:16"]
[BlackClock "00:20:22"]
[PlyCount "61"]
[WhiteFideId "34602950"]
[BlackFideId "34176128"]
[EventCountry "GER"]
[EventRounds "9"]
[EventType "swiss"]
[EventDate "2025.06.07"]

1. e4 {[%clk 01:30:58]} {[%emt 00:00:02]} c6 {[%clk 01:30:56]} {[%emt
00:00:04]} 2. d3 {[%clk 01:31:15]} {[%emt 00:00:13]} d5 {[%clk 01:31:10]}
{[%emt 00:00:16]} 3. Nf3 {[%clk 01:31:38]} {[%emt 00:00:07]} dxe4 {[%clk
01:29:01]} {[%emt 00:02:39]} 4. Ng5 {[%clk 01:31:46]} {[%emt 00:00:22]} Nf6
{[%clk 01:05:35]} {[%emt 00:23:56]} 5. Nxe4 {[%clk 01:32:03]} {[%emt 00:00:13]}
Nxe4 {[%clk 01:04:51]} {[%emt 00:01:13]} 6. dxe4 {[%clk 01:32:28]} {[%emt
00:00:05]} Qxd1+ {[%clk 01:04:30]} {[%emt 00:00:52]} 7. Kxd1 {[%clk 01:32:53]}
{[%emt 00:00:05]} e5 {[%clk 01:02:51]} {[%emt 00:02:09]} 8. Bc4 {[%clk
01:28:57]} {[%emt 00:04:26]} Bc5 {[%clk 01:01:13]} {[%emt 00:02:08]} 9. f3
{[%clk 01:29:14]} {[%emt 00:00:13]} O-O {[%clk 01:01:11]} {[%emt 00:00:32]} 10.
a4 {[%clk 01:26:16]} {[%emt 00:03:28]} Re8 {[%clk 00:59:48]} {[%emt 00:01:52]}
11. Bg5 {[%clk 01:16:13]} {[%emt 00:10:33]} Be6 {[%clk 00:57:31]} {[%emt
00:02:47]} 12. Nd2 {[%clk 01:15:54]} {[%emt 00:00:50]} h6 {[%clk 00:56:39]}
{[%emt 00:01:22]} 13. Bh4 {[%clk 01:16:17]} {[%emt 00:00:06]} Be3 {[%clk
00:39:49]} {[%emt 00:17:18]} 14. Bxe6 {[%clk 01:12:11]} {[%emt 00:04:38]} Rxe6
{[%clk 00:39:31]} {[%emt 00:00:48]} 15. Nc4 {[%clk 01:12:34]} {[%emt 00:00:07]}
Bc5 {[%clk 00:36:54]} {[%emt 00:03:07]} 16. Ke2 {[%clk 01:08:52]} {[%emt
00:04:12]} b5 {[%clk 00:26:10]} {[%emt 00:11:14]} 17. axb5 {[%clk 01:04:51]}
{[%emt 00:04:31]} cxb5 {[%clk 00:26:30]} {[%emt 00:00:11]} 18. Ra5 {[%clk
01:05:05]} {[%emt 00:00:15]} a6 {[%clk 00:26:04]} {[%emt 00:00:56]} 19. Rha1
{[%clk 01:05:21]} {[%emt 00:00:15]} Ra7 {[%clk 00:24:40]} {[%emt 00:01:54]} 20.
Ne3 {[%clk 00:59:34]} {[%emt 00:06:17]} Nc6 {[%clk 00:22:05]} {[%emt 00:03:05]}
21. R5a2 {[%clk 00:57:16]} {[%emt 00:02:47]} Bxe3 {[%clk 00:20:21]} {[%emt
00:02:14]} 22. Kxe3 {[%clk 00:52:18]} {[%emt 00:05:29]} Nb4 {[%clk 00:20:32]}
{[%emt 00:00:18]} 23. c3 {[%clk 00:52:30]} {[%emt 00:00:19]} Nxa2 {[%clk
00:20:17]} {[%emt 00:00:45]} 24. Rxa2 {[%clk 00:52:55]} {[%emt 00:00:05]} Rd6
{[%clk 00:19:54]} {[%emt 00:00:51]} 25. Bf2 {[%clk 00:52:49]} {[%emt 00:00:38]}
Rad7 {[%clk 00:20:03]} {[%emt 00:00:21]} 26. b4 {[%clk 00:53:16]} {[%emt
00:00:03]} Rd3+ {[%clk 00:20:19]} {[%emt 00:00:14]} 27. Ke2 {[%clk 00:53:41]}
{[%emt 00:00:05]} Rxc3 {[%clk 00:20:33]} {[%emt 00:00:16]} 28. Rxa6 {[%clk
00:54:05]} {[%emt 00:00:06]} Rc2+ {[%clk 00:20:06]} {[%emt 00:00:57]} 29. Ke1
{[%clk 00:54:28]} {[%emt 00:00:08]} Rdd2 {[%clk 00:20:09]} {[%emt 00:00:26]}
30. Bg3 {[%clk 00:54:55]} {[%emt 00:00:03]} Rxg2 {[%clk 00:20:22]} {[%emt
00:00:17]} 31. Bxe5 {[%clk 00:55:16]} {[%emt 00:00:10]} 0-1

[Event "ODJM B 2025"]
[Site "Willingen GER"]
[Date "2025.06.09"]
[Round "3"]
[White "Görlach, Hanna"]
[Black "Schmidt, Emelie"]
[Result "0-1"]
[Termination "normal"]
[Board "56"]
[WhiteElo "1511"]
[BlackElo "1575"]
[WhiteClock "00:28:34"]
[BlackClock "00:24:14"]
[PlyCount "87"]
[WhiteFideId "34675604"]
[BlackFideId "34682490"]
[EventCountry "GER"]
[EventRounds "9"]
[EventType "swiss"]
[EventDate "2025.06.07"]

1. c4 {[%clk 01:30:57]} {[%emt 00:00:02]} c6 {[%clk 01:30:54]} {[%emt
00:00:07]} 2. Nf3 {[%emt 00:00:52]} d5 {[%clk 01:30:55]} 3. e3 {[%clk
01:31:22]} {[%emt 00:00:13]} Nf6 {[%clk 01:31:05]} {[%emt 00:00:19]} 4. Nc3
{[%clk 01:30:06]} {[%emt 00:01:45]} h6 {[%clk 01:28:32]} {[%emt 00:03:04]} 5.
d4 {[%clk 01:27:21]} {[%emt 00:03:15]} Bf5 {[%clk 01:27:46]} {[%emt 00:01:16]}
6. h3 {[%clk 01:07:48]} {[%emt 00:20:04]} e6 {[%clk 01:24:16]} {[%emt
00:04:00]} 7. g4 {[%clk 01:07:43]} {[%emt 00:00:34]} Bg6 {[%clk 01:21:19]}
{[%emt 00:03:28]} 8. cxd5 {[%clk 01:07:49]} {[%emt 00:00:24]} exd5 {[%clk
01:21:02]} {[%emt 00:00:47]} 9. Bg2 {[%clk 01:07:02]} {[%emt 00:01:17]} Nbd7
{[%clk 01:20:22]} {[%emt 00:01:10]} 10. Nh4 {[%clk 00:55:24]} {[%emt 00:12:06]}
Bh7 {[%clk 01:19:47]} {[%emt 00:01:07]} 11. Qe2 {[%clk 00:47:21]} {[%emt
00:08:32]} Bb4 {[%clk 01:13:30]} {[%emt 00:06:47]} 12. a3 {[%clk 00:47:13]}
{[%emt 00:00:39]} Ba5 {[%clk 01:12:41]} {[%emt 00:01:19]} 13. Nf3 {[%clk
00:40:28]} {[%emt 00:07:14]} Ne4 {[%clk 01:10:52]} {[%emt 00:02:19]} 14. Bd2
{[%clk 00:40:53]} {[%emt 00:00:06]} Nxd2 {[%clk 01:10:15]} {[%emt 00:01:06]}
15. Nxd2 {[%clk 00:39:53]} {[%emt 00:01:29]} Qe7 {[%clk 01:05:14]} {[%emt
00:05:32]} 16. f3 {[%clk 00:38:39]} {[%emt 00:01:45]} Qh4+ {[%clk 00:55:55]}
{[%emt 00:09:49]} 17. Qf2 {[%clk 00:38:46]} {[%emt 00:00:23]} Qxf2+ {[%clk
00:55:43]} {[%emt 00:00:41]} 18. Kxf2 {[%clk 00:39:13]} {[%emt 00:00:04]} Nf6
{[%clk 00:55:10]} {[%emt 00:01:03]} 19. b4 {[%clk 00:39:19]} {[%emt 00:00:23]}
Bc7 {[%clk 00:55:11]} {[%emt 00:00:29]} 20. Rhe1 {[%clk 00:35:42]} {[%emt
00:04:08]} O-O {[%clk 00:51:28]} {[%emt 00:04:13]} 21. e4 {[%clk 00:35:35]}
{[%emt 00:00:36]} Bf4 {[%clk 00:50:47]} {[%emt 00:01:11]} 22. Ra2 {[%clk
00:35:48]} {[%emt 00:00:18]} Rfe8 {[%clk 00:44:36]} {[%emt 00:06:41]} 23. h4
{[%clk 00:34:30]} {[%emt 00:01:47]} Bc7 {[%clk 00:37:58]} {[%emt 00:07:08]} 24.
Na4 {[%clk 00:33:39]} {[%emt 00:01:22]} dxe4 {[%clk 00:33:43]} {[%emt
00:04:45]} 25. Nxe4 {[%clk 00:33:43]} {[%emt 00:00:26]} Nxe4+ {[%clk 00:33:38]}
{[%emt 00:00:34]} 26. fxe4 {[%clk 00:34:05]} {[%emt 00:00:08]} Rad8 {[%clk
00:33:36]} {[%emt 00:00:32]} 27. Rd2 {[%clk 00:30:19]} {[%emt 00:04:15]} Be5
{[%clk 00:31:28]} {[%emt 00:02:39]} 28. Red1 {[%clk 00:28:56]} {[%emt
00:01:54]} Bf6 {[%clk 00:30:31]} {[%emt 00:01:26]} 29. Kg3 {[%clk 00:26:01]}
{[%emt 00:03:25]} Bxe4 {[%clk 00:27:59]} {[%emt 00:03:02]} 30. Bxe4 {[%clk
00:26:27]} {[%emt 00:00:04]} Rxe4 {[%clk 00:28:13]} {[%emt 00:00:16]} 31. Rd3
{[%clk 00:26:53]} {[%emt 00:00:04]} Rexd4 {[%clk 00:27:31]} {[%emt 00:01:13]}
32. Rxd4 {[%clk 00:27:17]} {[%emt 00:00:05]} Rxd4 {[%clk 00:27:46]} {[%emt
00:00:16]} 33. Rxd4 {[%clk 00:27:38]} {[%emt 00:00:09]} Bxd4 {[%clk 00:28:10]}
{[%emt 00:00:05]} 34. Nc5 {[%clk 00:27:50]} {[%emt 00:00:17]} Bxc5 {[%clk
00:25:23]} {[%emt 00:03:19]} 35. bxc5 {[%clk 00:28:03]} {[%emt 00:00:17]} Kf8
{[%clk 00:25:24]} {[%emt 00:00:29]} 36. a4 {[%clk 00:28:04]} {[%emt 00:00:30]}
Ke7 {[%clk 00:24:24]} {[%emt 00:01:30]} 37. Kf4 {[%clk 00:28:26]} {[%emt
00:00:08]} Ke6 {[%clk 00:24:45]} {[%emt 00:00:08]} 38. Ke4 {[%clk 00:28:51]}
{[%emt 00:00:05]} b6 {[%clk 00:24:03]} {[%emt 00:01:13]} 39. cxb6 {[%clk
00:29:17]} {[%emt 00:00:04]} axb6 {[%clk 00:24:26]} {[%emt 00:00:06]} 40. Kd4
{[%clk 00:29:30]} {[%emt 00:00:17]} Kd6 {[%clk 00:24:07]} {[%emt 00:00:49]} 41.
g5 {[%clk 00:28:27]} {[%emt 00:01:33]} hxg5 {[%clk 00:23:58]} {[%emt 00:00:40]}
42. hxg5 {[%clk 00:28:52]} {[%emt 00:00:04]} f6 {[%clk 00:24:14]} {[%emt
00:00:14]} 43. g6 {[%emt 00:00:10]} f5 {[%emt 00:00:19]} 44. Ke3 {[%clk
00:28:34]} {[%emt 00:00:20]} 0-1

[Event "ODJM B 2025"]
[Site "Willingen GER"]
[Date "2025.06.09"]
[Round "3"]
[White "Hendler, Maximilian"]
[Black "Franke, Moritz"]
[Result "1/2-1/2"]
[Termination "normal"]
[Board "57"]
[WhiteElo "1555"]
[BlackElo "1627"]
[WhiteClock "00:06:25"]
[BlackClock "00:52:33"]
[PlyCount "80"]
[WhiteFideId "34616500"]
[BlackFideId "34629475"]
[EventCountry "GER"]
[EventRounds "9"]
[EventType "swiss"]
[EventDate "2025.06.07"]

1. e4 {[%clk 01:30:55]} {[%emt 00:00:04]} c5 {[%clk 01:30:57]} {[%emt
00:00:05]} 2. c4 {[%clk 01:31:10]} {[%emt 00:00:15]} Nc6 {[%clk 01:31:08]}
{[%emt 00:00:19]} 3. Nc3 {[%clk 01:31:18]} {[%emt 00:00:22]} g6 {[%clk
01:31:29]} {[%emt 00:00:08]} 4. g3 {[%clk 01:31:36]} {[%emt 00:00:12]} Bg7
{[%clk 01:31:52]} {[%emt 00:00:07]} 5. Bg2 {[%clk 01:31:45]} {[%emt 00:00:20]}
Nf6 {[%clk 01:32:13]} {[%emt 00:00:10]} 6. Nge2 {[%clk 01:31:20]} {[%emt
00:00:56]} d6 {[%clk 01:32:08]} {[%emt 00:00:34]} 7. O-O {[%clk 01:31:08]}
{[%emt 00:00:42]} O-O {[%clk 01:29:49]} {[%emt 00:02:50]} 8. d3 {[%clk
01:31:13]} {[%emt 00:00:25]} Bd7 {[%clk 01:24:27]} {[%emt 00:05:52]} 9. Be3
{[%clk 01:28:28]} {[%emt 00:03:13]} Ng4 {[%clk 01:16:08]} {[%emt 00:08:50]} 10.
Bg5 {[%clk 01:23:25]} {[%emt 00:05:33]} h6 {[%clk 01:13:17]} {[%emt 00:03:22]}
11. Bd2 {[%clk 01:22:42]} {[%emt 00:01:13]} Nb4 {[%clk 01:13:28]} {[%emt
00:00:18]} 12. Bc1 {[%clk 01:00:48]} {[%emt 00:22:24]} Ne5 {[%clk 01:02:17]}
{[%emt 00:11:41]} 13. f4 {[%clk 00:49:16]} {[%emt 00:12:02]} Nec6 {[%clk
01:01:54]} {[%emt 00:00:53]} 14. a3 {[%clk 00:46:38]} {[%emt 00:03:09]} Na6
{[%clk 01:02:17]} {[%emt 00:00:06]} 15. f5 {[%clk 00:45:36]} {[%emt 00:01:31]}
Nd4 {[%clk 01:00:12]} {[%emt 00:02:36]} 16. Nd5 {[%clk 00:36:18]} {[%emt
00:09:49]} Nc7 {[%clk 00:58:42]} {[%emt 00:01:59]} 17. fxg6 {[%clk 00:29:00]}
{[%emt 00:07:48]} fxg6 {[%clk 00:56:01]} {[%emt 00:03:11]} 18. Nef4 {[%clk
00:27:01]} {[%emt 00:02:30]} Nxd5 {[%clk 00:55:29]} {[%emt 00:01:01]} 19. exd5
{[%clk 00:25:39]} {[%emt 00:01:51]} g5 {[%clk 00:55:34]} {[%emt 00:00:25]} 20.
Ne6 {[%clk 00:25:04]} {[%emt 00:01:06]} Bxe6 {[%clk 00:55:43]} {[%emt
00:00:21]} 21. dxe6 {[%clk 00:25:19]} {[%emt 00:00:16]} Rb8 {[%clk 00:55:43]}
{[%emt 00:00:29]} 22. Rb1 {[%clk 00:24:29]} {[%emt 00:01:21]} Rxf1+ {[%clk
00:55:34]} {[%emt 00:00:38]} 23. Qxf1 {[%clk 00:24:28]} {[%emt 00:00:32]} Qf8
{[%clk 00:55:35]} {[%emt 00:00:28]} 24. Be3 {[%clk 00:24:28]} {[%emt 00:00:30]}
b6 {[%clk 00:55:05]} {[%emt 00:01:00]} 25. b4 {[%clk 00:22:23]} {[%emt
00:02:35]} Qxf1+ {[%clk 00:53:47]} {[%emt 00:01:48]} 26. Rxf1 {[%clk 00:22:17]}
{[%emt 00:00:36]} Rf8 {[%clk 00:53:35]} {[%emt 00:00:42]} 27. Bd5 {[%clk
00:14:22]} {[%emt 00:08:25]} Nf5 {[%clk 00:53:05]} {[%emt 00:01:00]} 28. Bd2
{[%clk 00:13:55]} {[%emt 00:00:57]} Bd4+ {[%clk 00:53:28]} {[%emt 00:00:07]}
29. Kg2 {[%clk 00:13:40]} {[%emt 00:00:44]} Ng7 {[%clk 00:51:17]} {[%emt
00:02:42]} 30. Rf7 {[%clk 00:13:44]} {[%emt 00:00:26]} Rxf7 {[%clk 00:49:57]}
{[%emt 00:01:49]} 31. exf7+ {[%clk 00:14:07]} {[%emt 00:00:07]} Kf8 {[%clk
00:50:24]} {[%emt 00:00:04]} 32. h4 {[%clk 00:14:05]} {[%emt 00:00:31]} Bf6
{[%clk 00:50:51]} {[%emt 00:00:04]} 33. Kh3 {[%clk 00:08:36]} {[%emt 00:05:59]}
e6 {[%clk 00:51:11]} {[%emt 00:00:10]} 34. Bf3 {[%clk 00:07:58]} {[%emt
00:01:08]} Kxf7 {[%clk 00:51:20]} {[%emt 00:00:22]} 35. bxc5 {[%clk 00:07:51]}
{[%emt 00:00:37]} dxc5 {[%clk 00:51:27]} {[%emt 00:00:22]} 36. hxg5 {[%clk
00:07:54]} {[%emt 00:00:27]} Bxg5 {[%clk 00:51:46]} {[%emt 00:00:11]} 37. Bc3
{[%clk 00:07:07]} {[%emt 00:01:17]} Bf6 {[%clk 00:52:07]} {[%emt 00:00:09]} 38.
Bd2 {[%clk 00:07:20]} {[%emt 00:00:16]} Bg5 {[%clk 00:52:11]} {[%emt 00:00:26]}
39. Bc3 {[%clk 00:06:16]} {[%emt 00:01:35]} Bf6 {[%clk 00:52:36]} {[%emt
00:00:05]} 40. Bd2 {[%clk 00:06:25]} {[%emt 00:00:20]} Bg5 {[%clk 00:52:33]}
1/2-1/2